Match 'em Up Pairs Quiz Stats

 Plays Quiz Updated Nov 12, 2013

Support Sporcle.
Go Orange.
Score 0/48 Timer 01:30
0 Plays Today
% Correct
A
75.2%
W
75.1%
Q
73.7%
E
73%
O
71.8%
M
71.4%
T
71.2%
D
70.9%
H
69.1%
S
68.9%
C
68.8%
K
68.4%
X
68.3%
R
68.2%
U
67.8%
G
67.3%
P
67.3%
N
67.3%
=
66.4%
Z
66.1%
L
65.6%
(
65.6%
1
65.6%
)
65.5%
% Correct
%
65.5%
F
65.4%
2
65.3%
Y
65.1%
V
64.4%
@
64%
3
63.5%
7
63%
4
62.9%
8
62.9%
5
62.8%
#
62.7%
I
62.4%
J
61.6%
9
61.4%
!
61%
6
60.1%
;
58.1%
~
57.8%
>
56.4%
£
55.9%
?
52.6%
$
52.3%
&
51.9%

You're not logged in!

Compare scores with friends on all Sporcle quizzes.
OR
Log In

From the Vault

Political Parties By 1% Popular Vote

by poprox101

We always appreciate a well-attended party.
Remove Ads.
Support Sporcle.
Get the best of Sporcle when you Go Orange. This ad-free experience offers more features, more stats, and more fun while also helping to support Sporcle. Thank you for becoming a member.

Show Comments

Extras

Top Quizzes Today


Score Distribution

Your Account Isn't Verified!

In order to create a playlist on Sporcle, you need to verify the email address you used during registration. Go to your Sporcle Settings to finish the process.

Report this User

Report this user for behavior that violates our Community Guidelines.

Details: